Biomedical Imaging (E-Book) (Record no. 192361)

000 -LEADER
fixed length control field 00392 a2200145 4500
003 - CONTROL NUMBER IDENTIFIER
control field Nust
005 - DATE AND TIME OF LATEST TRANSACTION
control field 20170207154035.0
040 ## - CATALOGING SOURCE
Transcribing agency Nust
100 ## - MAIN ENTRY--PERSONAL NAME
Personal name Youxin Mao
245 ## - TITLE STATEMENT
Title Biomedical Imaging (E-Book)
Statement of responsibility, etc. Youxin Mao
260 ## - PUBLICATION, DISTRIBUTION, ETC.
Place of publication, distribution, etc. India
Name of publisher, distributor, etc. In-Teh
Date of publication, distribution, etc. © 2010
300 ## - PHYSICAL DESCRIPTION
Extent viii,100 P;
505 ## - FORMATTED CONTENTS NOTE
Formatted contents note Volumetric Image Registration of Multi-modality Images of CT, MRI and PET (Page-1)
651 ## - SUBJECT ADDED ENTRY--GEOGRAPHIC NAME
Geographic name (E-Book)
942 ## - ADDED ENTRY ELEMENTS (KOHA)
Source of classification or shelving scheme
Koha item type Book
Holdings
Withdrawn status Lost status Source of classification or shelving scheme Damaged status Not for loan Collection code Permanent Location Current Location Date acquired Total Checkouts Barcode Date last seen Price effective from Koha item type
            Military College of Signals (MCS) Military College of Signals (MCS) 12/12/2016   MCSEB-1516 12/08/2016 12/12/2016 Book
© 2023 Central Library, National University of Sciences and Technology. All Rights Reserved.